000
00314nam a2200109Ia 4500
008
220204s9999 xx 000 0 und d
082
_a
631:001.814(540)
_b
IND
245
0
_a
Agricultural research in India: Achievements and outlook
260
_a
New Delhi
_b
ICAR
_c
1972
650
_a
Agricultural research
942
_c
BK
999
_c
22090
_d
22090